00832nam a22001697a 45000010006000000050017000060080041000230170016000640400024000801000046001042450091001502600036002413000034002775000311003116500028006228520012006508586920260430150952.0260430s2025 sp ||||| |||| 00| 0 spa d aV 4272-2025 aM-RABAbspacM-RABA1 aFerri Chulio, Andrés de Sales (d1947-)10aImaginería de la Iglesia Parroquial de Santa María Magdalena de Sollana. 1940-1947 aValenciab: La Imprentac, 2025 a53 p.b: il. b. y n.c; 32 cm00aAntecede al tít.: RVDO. ANDRÉS DE SALES FERRI CHULIO. Director del Archivo de Religiosidad Popular del Arzobispado de Valencia. Académico Correspondiente de la Real Academia de Bellas de San Carlos de Valencia, de la Real Academia de la Historia y de la Real Academia de Bellas Artes de San Fernando. 7aImaginería religiosa. jF-16129